長期買進 : (Record no. 7698)

MARC details
000 -LEADER
fixed length control field 00976cam a2200325 i 4500
001 - CONTROL NUMBER
control field 005529191
003 - CONTROL NUMBER IDENTIFIER
control field YEEZEN
005 - DATE AND TIME OF LATEST TRANSACTION
control field 20260310150731.0
008 - FIXED-LENGTH DATA ELEMENTS--GENERAL INFORMATION
fixed length control field 241030s2024 ch a g b 000 0 chi d
020 ## - INTERNATIONAL STANDARD BOOK NUMBER
International Standard Book Number 9786263558434
Qualifying information (平裝) :
Terms of availability 新臺幣450元
040 ## - CATALOGING SOURCE
Original cataloging agency NPUST
Language of cataloging chi
Transcribing agency NPUST
Description conventions CCR
041 0# - LANGUAGE CODE
Language code of text/sound track or separate title chi
042 ## - AUTHENTICATION CODE
Authentication code nbic
044 ## - COUNTRY OF PUBLISHING/PRODUCING ENTITY CODE
MARC country code ch
084 ## - OTHER CLASSIFICATION NUMBER
Classification number 563
Number source ncsclt
090 ## - LOCALLY ASSIGNED LC-TYPE CALL NUMBER (OCLC); LOCAL CALL NUMBER (RLIN)
Classification number (OCLC) (R) ; Classification number, CALL (RLIN) (NR) 563
Local cutter number (OCLC) ; Book number/undivided call number, CALL (RLIN) 7736
100 1# - MAIN ENTRY--PERSONAL NAME
Personal name 周冠男
Relator term
245 10 - TITLE STATEMENT
Title 長期買進 :
Remainder of title 財金教授周冠男的42堂自制力投資課 /
Statement of responsibility, etc. 周冠男著
246 30 - VARYING FORM OF TITLE
Title proper/short title 財金教授周冠男的42堂自制力投資課
246 33 - VARYING FORM OF TITLE
Title proper/short title 財金教授周冠男的四十二堂自制力投資課
250 ## - EDITION STATEMENT
Edition statement 第一版
260 ## - PUBLICATION, DISTRIBUTION, ETC.
Place of publication, distribution, etc. 臺北市 :
Name of publisher, distributor, etc. 遠見天下文化,
Date of publication, distribution, etc. 2024.07
300 ## - PHYSICAL DESCRIPTION
Extent 286面 :
Other physical details 圖 ;
Dimensions 21公分
490 1# - SERIES STATEMENT
Series statement 財經企管 ;
Volume/sequential designation BCB848.
504 ## - BIBLIOGRAPHY, ETC. NOTE
Bibliography, etc. note 含參考書目
650 #7 - SUBJECT ADDED ENTRY--TOPICAL TERM
Topical term or geographic name entry element 理財
Source of heading or term lcstt.
650 #7 - SUBJECT ADDED ENTRY--TOPICAL TERM
Topical term or geographic name entry element 投資
Source of heading or term lcstt.
830 #0 - SERIES ADDED ENTRY--UNIFORM TITLE
Uniform title 財經企管 ;
Volume/sequential designation BCB848.
942 ## - ADDED ENTRY ELEMENTS (KOHA)
Source of classification or shelving scheme 中文圖書分類法
Koha item type 一般圖書
Holdings
撤銷狀態 遺失狀態 分類號來源 損壞狀態 不外借 永久館藏地 現在館藏地 書架位置 採購日期 全部借出 完整索書號 條碼號 還書日 最後一次日期記錄 Date last checked out 一般價格有效日期 Koha館藏類型 公開資訊
未註銷館藏 未遺失 中文圖書分類法 未損毀 可外借 怡仁綜合醫院圖書館 怡仁綜合醫院圖書館   2026-03-10 3 563 C03281 2026-04-27 2026-04-13 2026-04-13 2026-03-10 一般圖書 ■沒有錢怎麼投資? 過去我們常聽到「本多終勝」或「投資要有錢才能開始」等言論,不過對初入職場的新鮮人或理財不善的月光族來說,要透過投資累積財富,似乎是痴人說夢。 →周教授要告訴你:不用大筆資本,只要「每個月定期定額」+「時間複利」,就可以做到。
怡仁醫院| 地址:32643桃園市楊梅區楊新北路321巷30號 | 服務專線:03-4855566 | 電子郵件信箱:
Copyright © 1996 CHC Hospital